[Event "Schachbezirk Mittelfranken BezEM  A 2025"]
[Site "Nürnberg"]
[Date "2025.06.08"]
[Round "5.4"]
[White "Braun, Michael"]
[Black "Civas, Ege Noyan"]
[Result "0-1"]
[WhiteElo "2064"]
[BlackElo "1829"]
[PlyCount "84"]
[GameId "2188307511418561"]
[EventDate "2025.??.??"]
[WhiteTeam "NT Nürnberg"]
[BlackTeam "SW Nürnberg Süd e.V"]

1. d4 d5 2. c4 e6 3. Nf3 Nf6 4. g3 Be7 5. Bg2 O-O 6. O-O c6 7. Nc3 Nbd7 8. Qd3 h6 9. e4 dxe4 10. Nxe4 Nxe4 11. Qxe4 Nf6 12. Qe2 Re8 13. Rd1 Bd7 14. Ne5 Bf8 15. Bf4 Qe7 16. a3 Rad8 17. b4 Bc8 18. g4 Nd7 19. Nf3 Nf6 20. h3 g6 21. Qc2 Bg7 22. Rab1 a6 23. a4 Bd7 24. c5 Nd5 25. Bd6 Qf6 26. Qd2 g5 27. Rb3 Bc8 28. b5 axb5 29. axb5 cxb5 30. Rxb5 Bd7 31. Rxb7 Bc6 32. Rb3 Ba4 33. Rdb1 Bxb3 34. Rxb3 Nf4 35. Ne5 Bf8 36. Bxf8 Rxf8 37. Nf3 Rb8 38. Rxb8 Rxb8 39. Ne5 Qd8 40. Bf1 Rb1 41. Qc2 Ra1 42. c6 Qd5 0-1

[Event "Schachbezirk Mittelfranken BezEM  A 2025"]
[Site "Nürnberg"]
[Date "2025.06.08"]
[Round "5.5"]
[White "Auburger, Philipp"]
[Black "Redzepovic, Irfan"]
[Result "1-0"]
[WhiteElo "1985"]
[BlackElo "2051"]
[PlyCount "73"]
[GameId "2188355262076614"]
[EventDate "2025.??.??"]
[WhiteTeam "SC Forchheim e.V."]
[BlackTeam "SW Nürnberg Süd"]

1. e4 e5 2. Nf3 Nc6 3. Bb5 a6 4. Ba4 Nf6 5. O-O b5 6. Bb3 Be7 7. Re1 d6 8. c3 O-O 9. h3 Nb8 10. d4 Nbd7 11. Nbd2 c5 12. Bc2 Re8 13. a4 Bb7 14. Nf1 cxd4 15. cxd4 exd4 16. Nxd4 Nc5 17. axb5 axb5 18. Rxa8 Qxa8 19. Nxb5 Qa5 20. Nc3 Bf8 21. Ng3 Qb4 22. f3 Ncd7 23. Kh1 g6 24. Ba4 Re6 25. Nge2 Nc5 26. Nd4 Re7 27. Nc6 Bxc6 28. Bxc6 Ne6 29. Nd5 Nxd5 30. Bxd5 Nc7 31. Re2 Qb5 32. Bb3 Na6 33. Ba4 Qe5 34. Bd2 Nc5 35. Bc3 Qg3 36. Qd4 f5 37. Qd5+ 1-0

[Event "Schachbezirk Mittelfranken BezEM  A 2025"]
[Site "Nürnberg"]
[Date "2025.06.08"]
[Round "5.6"]
[White "Hollmann, Thomas"]
[Black "Alf, Michael"]
[Result "1-0"]
[WhiteElo "2042"]
[BlackElo "2002"]
[PlyCount "67"]
[GameId "2188381675538388"]
[EventDate "2025.??.??"]
[WhiteTeam "SG Büchenbach/Roth"]
[BlackTeam "SK Leutershausen"]

1. e4 c5 2. Nf3 e6 3. d4 cxd4 4. Nxd4 a6 5. c4 Nf6 6. Nc3 Bb4 7. Qd3 Qc7 8. Bd2 Nc6 9. Nxc6 dxc6 10. g3 e5 11. a3 Bc5 12. Be3 Bxe3 13. Qxe3 Be6 14. Be2 Rd8 15. O-O O-O 16. Rfd1 h6 17. b4 Rxd1+ 18. Rxd1 Rd8 19. Rd2 a5 20. c5 axb4 21. axb4 Ra8 22. f3 Nd7 23. Kg2 Kh7 24. Nd1 Ra4 25. Qc3 Nf8 26. Nb2 Ra8 27. Nc4 Bxc4 28. Bxc4 f6 29. Bb3 Rd8 30. Rd3 Ng6 31. Qd2 Rxd3 32. Qxd3 h5 33. h4 Ne7 34. Qd6 1-0

[Event "Schachbezirk Mittelfranken BezEM  A 2025"]
[Site "Nürnberg"]
[Date "2025.06.08"]
[Round "5.7"]
[White "Vogiatzis, Dimitrios"]
[Black "Merdian, Nick"]
[Result "1/2-1/2"]
[WhiteElo "1939"]
[BlackElo "1874"]
[PlyCount "53"]
[GameId "2188423878572006"]
[EventDate "2025.??.??"]
[WhiteTeam "NT Nürnberg"]
[BlackTeam "SC Postbauer-Heng e.V"]

1. e4 c5 2. b4 cxb4 3. a3 e5 4. Nf3 Nc6 5. axb4 Bxb4 6. c3 Ba5 7. Bc4 Nf6 8. Ng5 O-O 9. d3 h6 10. h4 d5 11. exd5 Nxd5 12. Ne4 Be6 13. Ba3 Re8 14. Kf1 Nf4 15. Bxe6 Rxe6 16. Nc5 Rf6 17. g3 Nd5 18. Qe2 Nxc3 19. Nxc3 Bxc3 20. Rc1 Bd4 21. Ne4 Re6 22. g4 Bb6 23. Rh3 Nd4 24. Qd1 Rc8 25. g5 Rxc1 26. Bxc1 Nf5 27. Qg4 1/2-1/2

[Event "Schachbezirk Mittelfranken BezEM  A 2025"]
[Site "Nürnberg"]
[Date "2025.06.08"]
[Round "5.8"]
[White "Ulusoy, Tolga"]
[Black "Himonakis, Michael"]
[Result "1/2-1/2"]
[WhiteElo "1998"]
[BlackElo "1889"]
[PlyCount "65"]
[GameId "2188425920432222"]
[EventDate "2025.??.??"]
[WhiteTeam "NT Nürnberg"]
[BlackTeam "NT Nürnberg"]

1. e4 c5 2. d4 cxd4 3. c3 Nf6 4. e5 Nd5 5. cxd4 d6 6. Nf3 Nc6 7. Bc4 dxe5 8. dxe5 Be6 9. O-O g6 10. Qe2 Bg7 11. Bd2 Nc7 12. Bc3 Bxc4 13. Qxc4 O-O 14. Na3 Qd5 15. Qe2 h6 16. Rfd1 Qe6 17. Nb5 Nxb5 18. Qxb5 Rab8 19. a3 a6 20. Qe2 Rbd8 21. Qe3 Qb3 22. Re1 Qe6 23. Qb6 Rd7 24. h4 Rfd8 25. Qe3 Rd3 26. Qe4 Qd5 27. Rac1 e6 28. Re3 Qxe4 29. Rxe4 Bf8 30. Kf1 Ne7 31. Ne1 R3d5 32. Bb4 Nc6 33. Bc3 1/2-1/2

[Event "Schachbezirk Mittelfranken BezEM  A 2025"]
[Site "Nürnberg"]
[Date "2025.06.08"]
[Round "5.9"]
[White "Erlbeck, Peter"]
[Black "Engel, David"]
[Result "1-0"]
[WhiteElo "2024"]
[BlackElo "1891"]
[PlyCount "67"]
[GameId "2188427551525296"]
[EventDate "2025.??.??"]
[WhiteTeam "SW Nürnberg Süd"]
[BlackTeam "Zabo-Eintracht Nürnberg e.V"]

1. e4 c5 2. Nc3 d6 3. f4 g6 4. Nf3 Bg7 5. Bc4 Nc6 6. O-O Nf6 7. d3 Bg4 8. h3 Bxf3 9. Qxf3 a6 10. a4 Nd4 11. Qf2 Nd7 12. Be3 e6 13. Rae1 Qb8 14. Nd1 b5 15. Ba2 b4 16. c3 b3 17. Bb1 Nc6 18. f5 gxf5 19. exf5 e5 20. f6 Bxf6 21. d4 cxd4 22. cxd4 Ne7 23. dxe5 dxe5 24. Nc3 Qc7 25. Rd1 O-O-O 26. Ne4 Bg7 27. Rc1 Nc6 28. Rxc6 Qxc6 29. Rc1 Qxc1+ 30. Bxc1 Rhf8 31. Nd6+ Kc7 32. Nf5 Rh8 33. Qa7+ Kc8 34. Nd6# 1-0

[Event "Schachbezirk Mittelfranken BezEM  A 2025"]
[Site "Nürnberg"]
[Date "2025.06.08"]
[Round "5.10"]
[White "Meulner, Klaus"]
[Black "Assem Gawdat Azmy, Mostafa"]
[Result "0-1"]
[WhiteElo "1990"]
[BlackElo "1787"]
[PlyCount "64"]
[GameId "2188429117119200"]
[EventDate "2025.??.??"]
[WhiteTeam "SW Nürnberg Süd"]
[BlackTeam "SC Erlangen 48/88"]

1. d4 Nf6 2. Bg5 d5 3. e3 c5 4. Bxf6 exf6 5. Nc3 Nc6 6. dxc5 d4 7. exd4 Nxd4 8. Bd3 Bxc5 9. Nge2 O-O 10. O-O Bg4 11. Qd2 Re8 12. Rae1 Nxe2+ 13. Nxe2 Qb6 14. c3 Rad8 15. Qc2 g6 16. h3 Bd7 17. Rd1 Bc6 18. b4 Bd6 19. Nd4 Bb8 20. g3 Rxd4 21. cxd4 Bd7 22. Qc5 Qe6 23. Rfe1 Qxh3 24. Rxe8+ Bxe8 25. Bf1 Qg4 26. Re1 Bc6 27. Re3 Bf4 28. Rc3 Bc7 29. d5 Bb6 30. Qd6 Qd4 31. Rc2 Qd1 32. b5 Qxc2 0-1

[Event "Schachbezirk Mittelfranken BezEM  A 2025"]
[Site "Nürnberg"]
[Date "2025.06.08"]
[Round "5.11"]
[White "Kaza, Charith"]
[Black "Dakic, Milan"]
[Result "1-0"]
[WhiteElo "1659"]
[BlackElo "1851"]
[PlyCount "79"]
[GameId "2188431127821509"]
[EventDate "2025.??.??"]
[WhiteTeam "NT Nürnberg 1873"]
[BlackTeam "SW Nürnberg Süd e.V"]

1. e4 c5 2. Nf3 Nc6 3. d4 cxd4 4. Nxd4 e6 5. Nc3 a6 6. Be3 Qc7 7. f3 Nf6 8. Qd2 Nxd4 9. Bxd4 e5 10. Be3 Bb4 11. a3 Bxc3 12. Qxc3 Qxc3+ 13. bxc3 d6 14. Bc4 b5 15. Bb3 Bb7 16. Rd1 Ke7 17. c4 bxc4 18. Bxc4 a5 19. Rb1 Ba6 20. Bxa6 Rxa6 21. Rb7+ Ke6 22. Bg5 Rc8 23. Bxf6 Kxf6 24. Kd2 Rac6 25. Rc1 Rc4 26. Rb3 a4 27. Rb4 Kg5 28. Rxc4 Rxc4 29. c3 f5 30. Kd3 Rc6 31. exf5 Kxf5 32. Rb1 d5 33. Rb5 Ke6 34. Ra5 Rc4 35. Rb5 e4+ 36. fxe4 Rxe4 37. Rb4 Ke5 38. g3 g5 39. c4 d4 40. Rb5+ 1-0

[Event "Schachbezirk Mittelfranken BezEM  A 2025"]
[Site "Nürnberg"]
[Date "2025.06.08"]
[Round "5.12"]
[White "Kanewski, Josef"]
[Black "König, Oliver"]
[Result "1-0"]
[WhiteElo "1970"]
[BlackElo "1961"]
[PlyCount "83"]
[GameId "2188432919612933"]
[EventDate "2025.??.??"]
[WhiteTeam "SW Nürnberg Süd"]
[BlackTeam "SG Fürth"]

1. d4 Nf6 2. c4 g6 3. g3 Bg7 4. Bg2 O-O 5. Nc3 d6 6. Nf3 c5 7. d5 e6 8. O-O Re8 9. dxe6 Bxe6 10. Ng5 Nbd7 11. Qxd6 Bxc4 12. Nge4 Nxe4 13. Nxe4 Re6 14. Qd1 Qe8 15. Nd6 Rxd6 16. Qxd6 Rd8 17. Bg5 Nf6 18. Qxc5 Bxe2 19. Rfe1 Qb5 20. Qxb5 Bxb5 21. Rad1 Rc8 22. Bxb7 Rb8 23. Bf3 h6 24. Bf4 Rc8 25. Rc1 Rd8 26. b3 g5 27. Be3 a6 28. Bb6 Rd2 29. a4 Bd7 30. Rcd1 Rb2 31. Rb1 Ra2 32. Re2 Rxe2 33. Bxe2 Nd5 34. Ba5 Bf5 35. Rd1 Ne7 36. Rd8+ Kh7 37. Bd3 Bxd3 38. Rxd3 Nc6 39. Bc3 Bf8 40. Rd7 Kg6 41. Rc7 Nd8 42. Ra7 1-0

[Event "Schachbezirk Mittelfranken BezEM  A 2025"]
[Site "Nürnberg"]
[Date "2025.06.09"]
[Round "6.1"]
[White "Böhme, Sebastian"]
[Black "Ammon, Tobias"]
[Result "1-0"]
[WhiteElo "2279"]
[BlackElo "2198"]
[PlyCount "63"]
[GameId "2188435662831530"]
[EventDate "2025.??.??"]
[WhiteTeam "SC Erlangen"]
[BlackTeam "SV Altensittenbach"]

1. e4 c6 2. Nc3 d5 3. Nf3 Bg4 4. h3 Bxf3 5. Qxf3 e6 6. g3 Nd7 7. Bg2 d4 8. Nb1 h5 9. d3 h4 10. O-O Ne7 11. c3 dxc3 12. d4 cxb2 13. Bxb2 Ng6 14. Nd2 Be7 15. e5 Ndxe5 16. dxe5 Qxd2 17. Rab1 Qd7 18. Qg4 O-O 19. Be4 hxg3 20. fxg3 Bc5+ 21. Kh1 Rad8 22. Rfd1 Qe7 23. h4 Rxd1+ 24. Rxd1 Rd8 25. Rf1 Rd2 26. h5 Nf8 27. Bc1 Rd4 28. Bh6 g6 29. Rf6 Rxe4 30. Qxe4 gxh5 31. Qf3 Nh7 32. Qxh5 1-0

[Event "Schachbezirk Mittelfranken BezEM  A 2025"]
[Site "Nürnberg"]
[Date "2025.06.09"]
[Round "6.2"]
[White "Civas, Ege Noyan"]
[Black "Wagner, Florian"]
[Result "1/2-1/2"]
[WhiteElo "1829"]
[BlackElo "2204"]
[PlyCount "38"]
[GameId "2188437542039974"]
[EventDate "2025.??.??"]
[WhiteTeam "SW Nürnberg Süd e.V"]
[BlackTeam "SW Nürnberg Süd"]

1. e4 c5 2. Nf3 g6 3. d4 cxd4 4. Nxd4 Bg7 5. Nc3 Nc6 6. Be3 Nf6 7. Nxc6 bxc6 8. e5 Ng8 9. f4 f6 10. e6 Nh6 11. exd7+ Bxd7 12. Bc4 Nf5 13. Bc5 Qc7 14. O-O Nd6 15. Qe2 O-O-O 16. Ba6+ Kb8 17. Rad1 Bc8 18. Bxc8 Nxc8 19. Qe6 f5 1/2-1/2

[Event "Schachbezirk Mittelfranken BezEM  A 2025"]
[Site "Nürnberg"]
[Date "2025.06.09"]
[Round "6.3"]
[White "Auburger, Philipp"]
[Black "Link, Andreas"]
[Result "1-0"]
[WhiteElo "1985"]
[BlackElo "2056"]
[PlyCount "111"]
[GameId "2188438685434524"]
[EventDate "2025.??.??"]
[WhiteTeam "SC Forchheim e.V."]
[BlackTeam "SVG Zabo  Nürnberg"]

1. e4 c5 2. c3 Nf6 3. e5 Nd5 4. Nf3 Nc6 5. Bc4 Nb6 6. Bb3 c4 7. Bc2 d6 8. exd6 Qxd6 9. O-O Bg4 10. Re1 O-O-O 11. b3 Qf6 12. Na3 Bxf3 13. Qxf3 Qxf3 14. gxf3 cxb3 15. axb3 e5 16. Be4 f6 17. d3 Nd5 18. Bd2 g6 19. f4 exf4 20. Nc4 f5 21. Bxd5 Rxd5 22. Rxa7 Kb8 23. Ra8+ Kxa8 24. Nb6+ Ka7 25. Nxd5 Bd6 26. Bxf4 Bxf4 27. Nxf4 Rd8 28. d4 b5 29. d5 Na5 30. Re7+ Kb8 31. b4 Nb7 32. h4 h6 33. Rg7 g5 34. hxg5 hxg5 35. Rxg5 Nd6 36. Ne6 Rh8 37. Nd4 Ne4 38. Rg7 Rh3 39. f3 Nd6 40. Kg2 Rh6 41. Kg3 Rh1 42. Kf4 Rc1 43. Ke5 Nc4+ 44. Kxf5 Rxc3 45. f4 Rd3 46. Nc6+ Kc8 47. Ke6 Rh3 48. Rg6 Kc7 49. Ne5 Rh4 50. Nxc4 bxc4 51. d6+ Kc6 52. d7 Kc7 53. b5 Rh8 54. f5 c3 55. Rg3 Kd8 56. Rxc3 1-0

[Event "Schachbezirk Mittelfranken BezEM  A 2025"]
[Site "Nürnberg"]
[Date "2025.06.09"]
[Round "6.4"]
[White "Just, Hannes"]
[Black "Hollmann, Thomas"]
[Result "0-1"]
[WhiteElo "2152"]
[BlackElo "2042"]
[PlyCount "84"]
[GameId "2188699761520093"]
[EventDate "2025.??.??"]
[WhiteTeam "SW Nürnberg Süd"]
[BlackTeam "SG Büchenbach/Roth"]

1. e4 c5 2. Nf3 e6 3. d3 d5 4. Nbd2 Nc6 5. c3 Nf6 6. g3 Be7 7. Qe2 O-O 8. Bg2 a6 9. e5 Nd7 10. O-O b5 11. Re1 Rb8 12. h4 c4 13. Nf1 cxd3 14. Qxd3 b4 15. Bg5 h6 16. Bf4 a5 17. Nd4 Qb6 18. Nxc6 Qxc6 19. Qf3 bxc3 20. bxc3 Ba6 21. Ne3 Bd3 22. c4 Bxc4 23. Rac1 Qb5 24. Qg4 h5 25. Qxh5 Bd3 26. Qg4 Rfc8 27. Rcd1 Bf8 28. a4 Qb3 29. Bxd5 exd5 30. Qxd7 Rd8 31. Qg4 Rb6 32. h5 Be4 33. Qg5 Rd7 34. Ng4 Qf3 35. Rxe4 Qxd1+ 36. Kh2 dxe4 37. Nf6+ Rxf6 38. exf6 Qf3 39. fxg7 Qxf2+ 40. Kh3 Qf1+ 41. Kg4 Qd1+ 42. Kh4 Be7 0-1

[Event "Schachbezirk Mittelfranken BezEM  A 2025"]
[Site "Nürnberg"]
[Date "2025.06.09"]
[Round "6.5"]
[White "Merdian, Nick"]
[Black "Braun, Michael"]
[Result "1-0"]
[WhiteElo "1874"]
[BlackElo "2064"]
[PlyCount "97"]
[GameId "2188707819282547"]
[EventDate "2025.??.??"]
[WhiteTeam "SC Postbauer-Heng e.V"]
[BlackTeam "NT Nürnberg"]

1. d4 f5 2. c4 Nf6 3. Nc3 d6 4. Nf3 g6 5. g3 Bg7 6. Bg2 O-O 7. O-O c6 8. Qc2 Na6 9. a3 Qe8 10. d5 Bd7 11. Rd1 Rc8 12. dxc6 Bxc6 13. b3 h6 14. Bb2 Qf7 15. Nd4 Bxg2 16. Kxg2 Nc5 17. e3 a6 18. Nde2 b5 19. Nd5 Nxd5 20. Rxd5 Nxb3 21. Rad1 Na5 22. Bxg7 Qxg7 23. c5 Nc4 24. Nd4 Qf7 25. Nb3 Nb6 26. R5d3 dxc5 27. Nxc5 Na4 28. Rd5 Rc6 29. Qc1 Kh7 30. Re5 Rfc8 31. Rdd5 R8c7 32. e4 e6 33. Rd8 Nxc5 34. exf5 exf5 35. Ree8 Ne4 36. Rh8+ Kg7 37. Qxh6+ Kf6 38. Rhf8 Rc2 39. Rxf7+ Rxf7 40. Qh8+ Ke7 41. Re8+ Kd7 42. Qe5 Rxf2+ 43. Kg1 Rf6 44. Qe7+ Kc6 45. Rc8+ Kd5 46. Rd8+ Kc6 47. Qd7+ Kb6 48. Qd4+ Ka5 49. Rb8 1-0

[Event "Schachbezirk Mittelfranken BezEM  A 2025"]
[Site "Nürnberg"]
[Date "2025.06.09"]
[Round "6.6"]
[White "Liepold, Stefan"]
[Black "Assem Gawdat Azmy, Mostafa"]
[Result "1-0"]
[WhiteElo "2076"]
[BlackElo "1787"]
[PlyCount "71"]
[GameId "2188711941518038"]
[EventDate "2025.??.??"]
[WhiteTeam "SC Erlangen 48/88"]
[BlackTeam "SC Erlangen 48/88"]

1. e4 c5 2. Nf3 d6 3. d4 cxd4 4. Nxd4 Nf6 5. Nc3 a6 6. Bc4 e6 7. a3 b5 8. Ba2 Be7 9. O-O O-O 10. f4 Bb7 11. f5 e5 12. Nde2 Qb6+ 13. Kh1 Nxe4 14. Nxe4 Bxe4 15. Ng3 Bb7 16. f6 Qc6 17. Qe2 Bxf6 18. Rxf6 gxf6 19. Bh6 Qxg2+ 20. Qxg2 Bxg2+ 21. Kxg2 Nd7 22. Nf5 Rfe8 23. Nxd6 Re7 24. Nf5 Ree8 25. Kf2 Nf8 26. h4 Rac8 27. c3 e4 28. Nd6 e3+ 29. Ke2 Ne6 30. Rg1+ Ng5 31. Bxf7+ Kh8 32. Bxe8 Rd8 33. Bxg5 Rxd6 34. Bxe3 h6 35. h5 Re6 36. Bg6 1-0

[Event "Schachbezirk Mittelfranken BezEM  A 2025"]
[Site "Nürnberg"]
[Date "2025.06.09"]
[Round "6.7"]
[White "Redzepovic, Irfan"]
[Black "Kaza, Charith"]
[Result "0-1"]
[WhiteElo "2051"]
[BlackElo "1659"]
[PlyCount "52"]
[GameId "2188714642101431"]
[EventDate "2025.??.??"]
[WhiteTeam "SW Nürnberg Süd"]
[BlackTeam "NT Nürnberg 1873"]

1. d4 d5 2. Nf3 Nf6 3. c4 e6 4. Bg5 Be7 5. Nc3 b6 6. cxd5 Nxd5 7. Bxe7 Nxe7 8. e4 Bb7 9. Bb5+ c6 10. Bd3 O-O 11. h4 Ng6 12. e5 Nf4 13. Be4 Nxg2+ 14. Kf1 Nf4 15. Qd2 Ba6+ 16. Kg1 Nd5 17. Rh3 f5 18. exf6 Qxf6 19. Ng5 g6 20. h5 Nf4 21. Nxh7 Nxh3+ 22. Kh2 Qxf2+ 23. Qxf2 Rxf2+ 24. Kxh3 Kxh7 25. hxg6+ Kg7 26. Kg3 Rf1 0-1

[Event "Schachbezirk Mittelfranken BezEM  A 2025"]
[Site "Nürnberg"]
[Date "2025.06.09"]
[Round "6.8"]
[White "Alf, Michael"]
[Black "Erlbeck, Peter"]
[Result "0-1"]
[WhiteElo "2002"]
[BlackElo "2024"]
[PlyCount "94"]
[GameId "2188715998852499"]
[EventDate "2025.??.??"]
[WhiteTeam "SK Leutershausen"]
[BlackTeam "SW Nürnberg Süd"]

1. d4 f5 2. g3 Nf6 3. Bg2 g6 4. Nf3 Bg7 5. O-O O-O 6. c4 d6 7. Nc3 Qe8 8. d5 c6 9. Qc2 Na6 10. Rd1 Nc5 11. Nd4 Bd7 12. b4 Nce4 13. Nxe4 fxe4 14. dxc6 bxc6 15. Rb1 d5 16. Qd2 e5 17. Nb3 d4 18. Nc5 Bf5 19. e3 Rd8 20. Qe1 Bg4 21. Rd2 Bf3 22. Bf1 Ng4 23. h3 Nh6 24. Rb3 d3 25. b5 g5 26. Ba3 Rf6 27. Nb7 Ra8 28. Nd6 Qh5 29. bxc6 Nf7 30. Nxf7 Qxf7 31. Rb7 Qxc4 32. c7 Rc8 33. Be7 Rc6 34. Bd8 Kf7 35. Rb8 R8xc7 36. Bxc7 Rxc7 37. Rdb2 Qc6 38. Rb1 Bf8 39. Qa5 Bd6 40. R8b2 Kg7 41. a4 Qd7 42. Qd5 Qc6 43. Qxc6 Rxc6 44. Bg2 Ba3 45. Rb7+ Kf6 46. Bxf3 exf3 47. R7b3 d2 0-1

[Event "Schachbezirk Mittelfranken BezEM  A 2025"]
[Site "Nürnberg"]
[Date "2025.06.09"]
[Round "6.9"]
[White "Himonakis, Michael"]
[Black "Vogiatzis, Dimitrios"]
[Result "1/2-1/2"]
[WhiteElo "1889"]
[BlackElo "1939"]
[PlyCount "68"]
[GameId "2188949322708390"]
[EventDate "2025.??.??"]
[WhiteTeam "NT Nürnberg"]
[BlackTeam "NT Nürnberg"]

1. e4 e5 2. Nf3 Nc6 3. Bb5 g6 4. d4 Bg7 5. Bg5 f6 6. Be3 exd4 7. Nxd4 Nge7 8. O-O O-O 9. Nc3 a6 10. Bc4+ Kh8 11. a4 Nxd4 12. Bxd4 d6 13. Ra3 Bd7 14. Qd2 Nc6 15. Be3 Ne5 16. Be2 Nf7 17. Nd5 Rc8 18. f4 Qe8 19. Bd4 Nd8 20. Qc3 Qf7 21. Qf3 c5 22. Bc3 Bc6 23. Nb6 Rc7 24. Bc4 Qe8 25. Nd5 Rcf7 26. a5 Bb5 27. b3 Nc6 28. Raa1 Nd4 29. Bxd4 cxd4 30. f5 Bxc4 31. bxc4 Qe5 32. Qd3 Re8 33. Rfe1 Bh6 34. Qg3 Qxg3 1/2-1/2

[Event "Schachbezirk Mittelfranken BezEM  A 2025"]
[Site "Nürnberg"]
[Date "2025.06.09"]
[Round "6.10"]
[White "Kanewski, Josef"]
[Black "Meulner, Klaus"]
[Result "1-0"]
[WhiteElo "1970"]
[BlackElo "1990"]
[PlyCount "47"]
[GameId "2188951548926761"]
[EventDate "2025.??.??"]
[WhiteTeam "SW Nürnberg Süd"]
[BlackTeam "SW Nürnberg Süd"]

1. d4 e6 2. c4 b6 3. Nc3 Bb7 4. e4 Bb4 5. Bd3 f5 6. Qe2 Nf6 7. f3 Nc6 8. d5 Nd4 9. Qf2 e5 10. exf5 Qe7 11. Nge2 O-O-O 12. Bg5 Bc5 13. Be3 g6 14. fxg6 Rdf8 15. Qg1 b5 16. O-O-O bxc4 17. Bxc4 Bb4 18. Nxd4 Bxc3 19. Nf5 Qb4 20. Bb3 hxg6 21. Bc5 Qf4+ 22. Qe3 Qxf5 23. Qxc3 Re8 24. Bxa7 1-0

[Event "Schachbezirk Mittelfranken BezEM  A 2025"]
[Site "Nürnberg"]
[Date "2025.06.09"]
[Round "6.11"]
[White "Engel, David"]
[Black "Pölsterl, Hans"]
[Result "1/2-1/2"]
[WhiteElo "1891"]
[BlackElo "1904"]
[PlyCount "104"]
[GameId "2188966861418328"]
[EventDate "2025.??.??"]
[WhiteTeam "Zabo-Eintracht Nürnberg e.V"]
[BlackTeam "BSG Wöhrlhaus Erlangen"]

1. e4 c6 2. d3 d6 3. f4 Nf6 4. Nf3 g6 5. Nc3 Bg7 6. h3 Nh5 7. g4 Ng3 8. Rg1 Nxf1 9. Rxf1 Qb6 10. Qd2 Na6 11. b3 h5 12. f5 hxg4 13. hxg4 Bd7 14. Bb2 Qa5 15. Na4 Qxd2+ 16. Kxd2 Bxb2 17. Nxb2 O-O-O 18. Rh1 gxf5 19. gxf5 Rdg8 20. Rxh8 Rxh8 21. a3 d5 22. Rg1 dxe4 23. dxe4 f6 24. Nd3 c5 25. Nf4 Nc7 26. Ke3 Nb5 27. a4 Nd6 28. Rg7 Bxf5 29. Rxe7 Bxe4 30. Rxe4 Nxe4 31. Kxe4 Kd7 32. Kf5 Rh1 33. Kxf6 Rc1 34. Ne5+ Kd6 35. Nc4+ Kc6 36. Ne5+ Kd6 37. Nc4+ Kc6 38. Ne3 Re1 39. Nfg2 Re2 40. Ke5 c4 41. Kd4 cxb3 42. cxb3 Rb2 43. Kc3 Rf2 44. Ne1 Rh2 45. N1c2 Rh3 46. Kc4 a6 47. Nd4+ Kd6 48. Nec2 Rh1 49. a5 Kc7 50. Kc5 Rh5+ 51. Kb4 b6 52. axb6+ Kxb6 1/2-1/2

[Event "Schachbezirk Mittelfranken BezEM  A 2025"]
[Site "Nürnberg"]
[Date "2025.06.09"]
[Round "6.12"]
[White "Dakic, Milan"]
[Black "König, Oliver"]
[Result "1-0"]
[WhiteElo "1851"]
[BlackElo "1961"]
[PlyCount "141"]
[GameId "2188969258045451"]
[EventDate "2025.??.??"]
[WhiteTeam "SW Nürnberg Süd e.V"]
[BlackTeam "SG Fürth"]

1. e4 Nc6 2. Nf3 d6 3. c3 Nf6 4. d3 e5 5. Nbd2 d5 6. exd5 Nxd5 7. Ne4 Be7 8. h3 Bf5 9. Be2 Qd7 10. a4 f6 11. Ng3 Be6 12. d4 exd4 13. Nxd4 Nxd4 14. Qxd4 O-O 15. O-O Rfd8 16. Re1 Bf7 17. Bg4 Qc6 18. Qe4 Bf8 19. Bf5 g6 20. Qg4 Bg7 21. Bc2 Qd7 22. Qf3 Re8 23. Rd1 Qc6 24. Be4 Rad8 25. Be3 f5 26. Nxf5 gxf5 27. Qxf5 Rxe4 28. Qxe4 Re8 29. Qf3 Nxe3 30. Qxc6 bxc6 31. fxe3 Bh6 32. Rd7 Bxe3+ 33. Kh1 Bf4 34. Rxf7 Kxf7 35. Rf1 Re4 36. g3 Ke6 37. gxf4 Kf5 38. Kg2 Rxf4 39. Rf3 Ke4 40. Rg3 Rf6 41. Rg4+ Ke3 42. Kg3 c5 43. Rg7 Rf3+ 44. Kg4 Rf4+ 45. Kg5 h6+ 46. Kh5 Rxa4 47. Rxc7 c4 48. Kxh6 Kd3 49. Rb7 Ra6+ 50. Kg5 Kc2 51. h4 Ra1 52. h5 a5 53. h6 a4 54. h7 Rg1+ 55. Kf6 Rf1+ 56. Ke5 Rh1 57. Kd4 Rh4+ 58. Kc5 a3 59. bxa3 Kxc3 60. a4 Kd2 61. Rb4 Rxh7 62. Rxc4 Kd3 63. Rb4 Kc3 64. Rb1 Kc2 65. Rb8 Rh1 66. a5 Kc3 67. a6 Rh5+ 68. Kc6 Rh6+ 69. Kb7 Kb4 70. a7 Rh7+ 71. Ka6+ 1-0

[Event "Schachbezirk Mittelfranken BezEM  A 2025"]
[Site "Nürnberg"]
[Date "2025.06.09"]
[Round "7.1"]
[White "Hollmann, Thomas"]
[Black "Böhme, Sebastian"]
[Result "0-1"]
[WhiteElo "2042"]
[BlackElo "2279"]
[PlyCount "73"]
[GameId "2188983997833257"]
[EventDate "2025.??.??"]
[WhiteTeam "SG Büchenbach/Roth"]
[BlackTeam "SC Erlangen"]

1. e4 e6 2. d4 d5 3. e5 c5 4. c3 Nc6 5. Nf3 Nh6 6. Bd3 Nf5 7. Bxf5 exf5 8. O-O Be6 9. Be3 cxd4 10. cxd4 Be7 11. Nc3 g5 12. Qd3 f4 13. Bc1 Qd7 14. Rd1 Bf5 15. Qb5 O-O-O 16. Kh1 g4 17. Ng1 f3 18. Bf4 fxg2+ 19. Kxg2 h5 20. Rac1 h4 21. Na4 Rdg8 22. e6 Qxe6 23. Re1 Be4+ 24. Kf1 g3 25. hxg3 hxg3 26. fxg3 Rg6 27. Rxc6+ Qxc6 28. Rc1 Bc2 29. Qe2 Qxa4 30. Qxe7 Qc4+ 31. Qe2 Qxe2+ 32. Kxe2 Rc6 33. Nf3 f6 34. Kd2 Be4 35. Rxc6+ bxc6 36. Ne1 Rh2+ 37. Kc3 0-1

[Event "Schachbezirk Mittelfranken BezEM  A 2025"]
[Site "Nürnberg"]
[Date "2025.06.09"]
[Round "7.2"]
[White "Wagner, Florian"]
[Black "Auburger, Philipp"]
[Result "1-0"]
[Annotator "Dimi"]
[WhiteElo "2204"]
[BlackElo "1985"]
[PlyCount "89"]
[GameId "2188987249472390"]
[EventDate "2025.??.??"]
[WhiteTeam "SW Nürnberg Süd"]
[BlackTeam "SC Forchheim e.V."]

{[%evp 0,78,11,25,-6,19,3,-2,32,28,36,22,35,40,47,-23,18,41,26,13,21,-6,22,36,0,24,33,53,50,10,-91,4,12,31,48,-36,50,37,92,116,109,110,110,60,109,44,72,72,71,117,147,130,124,150,173,178,224,225,281,266,345,182,265,328,287,347,361,414,413,356,480,396,485,489,462,489,503,455,468,507,536]} 1. e4 e5 2. Nc3 Nf6 3. Bc4 Nxe4 4. Qh5 Nd6 5. Qxe5+ Qe7 6. Qxe7+ Bxe7 7. Bb3 O-O 8. Nf3 Nc6 9. Nd5 Bd8 10. c3 Nf5 11. O-O d6 12. Re1 Na5 13. Bc2 c6 14. Ne3 Nxe3 15. fxe3 d5 16. b3 b6 17. Ba3 Re8 18. e4 dxe4 19. Bxe4 Bd7 20. Bf5 Be6 21. Bxe6 fxe6 22. Re4 Bf6 23. Rae1 Kf7 24. g4 g5 25. h4 h6 26. hxg5 hxg5 27. d4 Nb7 28. Ne5+ Kg7 29. Nxc6 Rac8 30. Rxe6 Rxe6 31. Rxe6 Kf7 32. d5 Rh8 33. Kg2 Rh4 34. Re4 Nc5 35. Bxc5 bxc5 36. d6 Rh8 37. d7 a6 38. b4 cxb4 39. cxb4 Rg8 40. a4 Rh8 41. b5 axb5 42. axb5 Ra8 43. Re8 Rxe8 44. dxe8=Q+ Kxe8 45. b6 1-0

[Event "Schachbezirk Mittelfranken BezEM  A 2025"]
[Site "Nürnberg"]
[Date "2025.06.09"]
[Round "7.3"]
[White "Ammon, Tobias"]
[Black "Civas, Ege Noyan"]
[Result "1-0"]
[WhiteElo "2198"]
[BlackElo "1829"]
[PlyCount "119"]
[GameId "2188989737589771"]
[EventDate "2025.??.??"]
[WhiteTeam "SV Altensittenbach"]
[BlackTeam "SW Nürnberg Süd e.V"]

1. c4 e6 2. Nf3 d5 3. g3 Nf6 4. Bg2 Be7 5. O-O O-O 6. d4 c6 7. b3 Nbd7 8. Bb2 b6 9. Qc2 Bb7 10. Nc3 Rc8 11. e4 dxe4 12. Ng5 Qc7 13. Ncxe4 Nxe4 14. Nxe4 Nf6 15. Rad1 c5 16. d5 Nxe4 17. Qxe4 exd5 18. cxd5 Bd6 19. Rfe1 Qd7 20. Qh4 Rce8 21. Qg5 f6 22. Qd2 Be5 23. Bxe5 Rxe5 24. Rxe5 fxe5 25. d6 Bxg2 26. Kxg2 Qc6+ 27. Kg1 Rd8 28. d7 e4 29. h4 Qe6 30. Kg2 h6 31. Qf4 Rxd7 32. Rxd7 Qxd7 33. Qxe4 Kf7 34. Qf4+ Kg8 35. Qe4 Kf7 36. g4 Kg8 37. g5 Kf7 38. gxh6 gxh6 39. Qh7+ Ke8 40. Qxh6 Qd5+ 41. Kg3 Qe5+ 42. Qf4 Qg7+ 43. Kh2 Qb2 44. Qb8+ Kd7 45. Qxa7+ Kc8 46. Qf7 Qe5+ 47. Kg2 b5 48. h5 Kb8 49. f4 Qe4+ 50. Kg3 c4 51. bxc4 Qd3+ 52. Kh4 bxc4 53. h6 Qd8+ 54. Kh5 Qd1+ 55. Kg5 Qd8+ 56. Kg6 Qd3+ 57. Qf5 Qg3+ 58. Kf7 c3 59. h7 Qh2 60. Qe5+ 1-0